000 01419nam a2200373 i 4500
001 60277
003 CO-BoRNBP
005 20260120155418.0
007 ta
008 250217s2025 ck gr 000 jdspa
020 _a9789587534245
_q(obra completa)
020 _a9789587536553
040 _aCO-BoRNBP
_bspa
_erda
_cCO-BoRNBP
041 0 _aspa
043 _as-ck---
084 _aC
245 1 3 _aLa noche próxima :
_bantología de cuento /
_cJosefa Acevedo de Gómez [y otras diecisiete] ; prólogo de Claudia Arroyave.
250 _aPrimera edición
264 1 _aBogotá, Colombia :
_bMinisterio de las Culturas, las Artes y los Saberes :
_bBiblioteca Nacional de Colombia,
_c2025.
300 _a276 páginas ;
_c21 cm.
336 _atexto
_btxt
_2rdacontenido
337 _asin mediación
_bn
_2rdamedio
338 _avolumen
_bnc
_2rdasoporte
500 _aIncluye datos biográficos de las autoras
505 0 _aEl tribuno del pueblo.
650 1 7 _aCuentos colombianos
_ySiglos XIX-XX
_vColecciones
_2rnbp
_968190
650 1 7 _aLiteratura colombiana
_ySiglos XIX-XX
_vColecciones
_2rnbp
_963060
700 1 0 _aArroyave, Claudia,
_d1983- ,
_ewfw
_964399
700 1 7 _aAcosta de Samper, Soledad,
_d1833-1913
_eaut
700 1 0 _aPardo Umaña, Emilia,
_d1907-1961
_eaut
_968191
700 1 _aRobinson Abrahams, Hazel,
_d1935- ,
_eaut
_968192
830 _aMujeres escritoras colombianas
_968119
942 _cBK
_n0
_2ddc
999 _c60277
_d60277